Prospect and retrospect : selected essays of James Britton /

Saved in:
Bibliographic Details
Main Author: Britton, James N.
Other Authors: Pradl, Gordon M.
Format: Book
Language:English
Published: Montclair, NJ : Boynton/Cook Publishers, c1982.
Subjects:
LEADER 01118nam a2200301 a 4500
001 c000150726
003 CARM
005 00000000000000.0
008 820803s1982 nju b 00010 eng
019 1 |a 2305492  |z 24058789  |5 LACONCORD2021 
020 |a 086709043X (pbk.) 
035 |a (OCoLC)8709298  |5 LACONCORD2021 
043 |a e-uk--- 
050 0 0 |a PE65  |b .B74 1982 
082 0 0 |a 420/.7  |2 19 
100 1 |a Britton, James N. 
245 1 0 |a Prospect and retrospect :  |b selected essays of James Britton /  |c edited by Gordon M. Pradl. 
260 |a Montclair, NJ :  |b Boynton/Cook Publishers,  |c c1982. 
300 |a 218 p. ;  |c 23 cm. 
504 |a Includes bibliographical references. 
650 0 |a English philology  |x Study and teaching. 
650 0 |a Education  |z Great Britain. 
650 0 |a Language arts. 
650 0 |a Literature  |x Study and teaching. 
700 1 |a Pradl, Gordon M. 
852 8 |b CARM  |h A2:AI25B0  |i B04269  |p 0194227  |f BK 
999 f f |i f295c7b1-4620-5ed0-91e6-4973746643ff  |s d4ce472f-7323-5877-b248-4547a21fc8da 
952 f f |p Can circulate  |a CAVAL  |b CAVAL  |c CAVAL  |d CARM 1 Store  |e B04269  |f A2:AI25B0  |h Other scheme  |i book  |m 0194227